00344 2200145 4500001002100000005001500021035002000036245004200056100001800098300001200116260003600128082000800164084001400172990001200186INLIS00000000000237420250528113441 a0010-05250006661 aBerperang Demi Cinta /cKahlil Gibran0 aKahlil Gibran a160 hlm aYogyakarta :bDiva Press,c2004 a813 a813 KAH b a0712655